<?xml version="1.0" encoding="UTF-8"?>
<record
    xmlns:xsi="http://www.w3.org/2001/XMLSchema-instance"
    xsi:schemaLocation="http://www.loc.gov/MARC21/slim http://www.loc.gov/standards/marcxml/schema/MARC21slim.xsd"
    xmlns="http://www.loc.gov/MARC21/slim">

  <leader>01220nam1a22003611i 4500</leader>
  <controlfield tag="001">v19\rc\1320312</controlfield>
  <controlfield tag="005">20260406092735.0</controlfield>
  <datafield tag="035" ind1=" " ind2=" ">
    <subfield code="a">(NLR Aleph) 004559200</subfield>
  </datafield>
  <datafield tag="090" ind1=" " ind2=" ">
    <subfield code="a">2250566</subfield>
    <subfield code="c">2250566</subfield>
  </datafield>
  <datafield tag="100" ind1=" " ind2=" ">
    <subfield code="a">20060512g18311832|||y0rusy50      ca</subfield>
  </datafield>
  <datafield tag="101" ind1="1" ind2=" ">
    <subfield code="a">rus</subfield>
    <subfield code="c">fre</subfield>
  </datafield>
  <datafield tag="102" ind1=" " ind2=" ">
    <subfield code="a">RU</subfield>
  </datafield>
  <datafield tag="105" ind1=" " ind2=" ">
    <subfield code="a">y   z   |||a|</subfield>
  </datafield>
  <datafield tag="200" ind1="1" ind2=" ">
    <subfield code="a">&#x410;&#x43D;&#x434;&#x440;&#x435;&#x439; &#x421;&#x430;&#x432;&#x43E;&#x44F;&#x440;</subfield>
    <subfield code="e">&#x420;&#x43E;&#x43C;&#x430;&#x43D; &#x41F;&#x43E;&#x43B;&#x44C;-&#x434;&#x435;-&#x41A;&#x43E;&#x43A;&#x430;</subfield>
    <subfield code="f">&#x41F;&#x435;&#x440;. &#x441; &#x444;&#x440;. &#x41D;. &#x41F;-&#x43C; &#x438; &#x424;. &#x421;-&#x43C;. &#x422;. 1-5</subfield>
  </datafield>
  <datafield tag="210" ind1=" " ind2=" ">
    <subfield code="a">&#x421;&#x430;&#x43D;&#x43A;&#x442;-&#x41F;&#x435;&#x442;&#x435;&#x440;&#x431;&#x443;&#x440;&#x433;</subfield>
    <subfield code="c">&#x442;&#x438;&#x43F;. &#x428;&#x442;&#x430;&#x431;&#x430; &#x41E;&#x442;&#x434;. &#x43A;&#x43E;&#x440;. &#x432;&#x43D;&#x443;&#x442;&#x440;. &#x441;&#x442;&#x440;&#x430;&#x436;&#x438;</subfield>
    <subfield code="d">1831-1832</subfield>
  </datafield>
  <datafield tag="215" ind1=" " ind2=" ">
    <subfield code="a">5 &#x442;.</subfield>
    <subfield code="d">17</subfield>
  </datafield>
  <datafield tag="700" ind1=" " ind2="1">
    <subfield code="8">rus</subfield>
    <subfield code="7">ca</subfield>
    <subfield code="a">&#x41A;&#x43E;&#x43A;</subfield>
    <subfield code="b">&#x41F;. &#x434;&#x435;</subfield>
    <subfield code="f">1793-1871</subfield>
    <subfield code="g">&#x41F;&#x43E;&#x43B;&#x44C; &#x434;&#x435;</subfield>
    <subfield code="3">RU\NLR\AUTH\7764311</subfield>
    <subfield code="9">47240</subfield>
  </datafield>
  <datafield tag="702" ind1=" " ind2="0">
    <subfield code="9">z02790</subfield>
    <subfield code="a">&#x41D;. &#x41F;-&#x43C;</subfield>
    <subfield code="4">730</subfield>
  </datafield>
  <datafield tag="702" ind1=" " ind2="0">
    <subfield code="9">z03790</subfield>
    <subfield code="a">&#x424;. &#x421;-&#x43C;</subfield>
    <subfield code="4">730</subfield>
  </datafield>
  <datafield tag="790" ind1=" " ind2="0">
    <subfield code="9">z01700</subfield>
    <subfield code="a">&#x41F;&#x43E;&#x43B;&#x44C;-&#x434;&#x435;-&#x41A;&#x43E;&#x43A;</subfield>
    <subfield code="f">1793-1871</subfield>
  </datafield>
  <datafield tag="790" ind1=" " ind2="1">
    <subfield code="9">z01700</subfield>
    <subfield code="a">&#x414;&#x435; &#x41A;&#x43E;&#x43A;</subfield>
    <subfield code="b">&#x41F;.</subfield>
    <subfield code="f">1793-1871</subfield>
    <subfield code="g">&#x41F;&#x43E;&#x43B;&#x44C;</subfield>
  </datafield>
  <datafield tag="790" ind1=" " ind2="1">
    <subfield code="9">z02702</subfield>
    <subfield code="a">&#x41F;-&#x43C;</subfield>
    <subfield code="b">&#x41D;.</subfield>
  </datafield>
  <datafield tag="790" ind1=" " ind2="1">
    <subfield code="9">z03702</subfield>
    <subfield code="a">&#x421;-&#x43C;</subfield>
    <subfield code="b">&#x424;.</subfield>
  </datafield>
  <datafield tag="801" ind1=" " ind2="0">
    <subfield code="a">RU</subfield>
    <subfield code="b">NLR</subfield>
    <subfield code="g">psbo</subfield>
  </datafield>
  <datafield tag="801" ind1=" " ind2="0">
    <subfield code="a">RU</subfield>
    <subfield code="b">RuMoRGB</subfield>
    <subfield code="2">psbo</subfield>
  </datafield>
  <datafield tag="801" ind1=" " ind2="1">
    <subfield code="a">RU</subfield>
    <subfield code="b">ProSoft-M</subfield>
    <subfield code="2">rusmarc</subfield>
  </datafield>
  <datafield tag="852" ind1=" " ind2=" ">
    <subfield code="a">NLR</subfield>
    <subfield code="j">18.262.6.20</subfield>
  </datafield>
  <datafield tag="899" ind1=" " ind2=" ">
    <subfield code="a">RuMoRGB</subfield>
    <subfield code="j">R 191/104</subfield>
  </datafield>
  <datafield tag="899" ind1=" " ind2=" ">
    <subfield code="a">RuMoRGB</subfield>
    <subfield code="j">U 84/885</subfield>
  </datafield>
  <datafield tag="899" ind1=" " ind2=" ">
    <subfield code="a">&#x411;&#x410;&#x41D;</subfield>
  </datafield>
  <datafield tag="899" ind1=" " ind2=" ">
    <subfield code="a">&#x41D;&#x411; &#x421;&#x41F;&#x431;&#x413;&#x423;</subfield>
  </datafield>
  <datafield tag="942" ind1=" " ind2=" ">
    <subfield code="c">BOOK</subfield>
  </datafield>
</record>
